000 00725nam a2200253Ia 4500
003 OSt
005 20221005082240.0
006 a|||||r|||| 00| 0
007 ta
008 221004b |||||||| |||| 00| 0 eng d
020 _a9788192120461 (hbk)
024 _a23147
037 _bGift, 18/11/2015,
_cTextual
040 _aCRL
_cCRL
_beng
041 _2eng
_aeng
082 _aW:58(Z).2, Q2
100 _aMittal J. K.
_9423953
245 0 _aRight to equality in India
_b An introduction
260 _aNew Delhi
_bSatyam Law India
_c2012
300 _axli, 266p.
_ccm.
650 _aPOLITICAL SCIENCE
942 _hW:58(Z).2, Q2
_cTEXL
_2cc
999 _c989009
_d989009